<La> gouvernance d'entreprise dans les pays en développement, en transition et les économies émergentes
Salvato in:
| Autore principale: | |
|---|---|
| Ente Autore: | |
| Altri autori: | , |
| Natura: | Libro |
| Lingua: | francese |
| Pubblicazione: |
Paris
OCDE
2003
|
| Serie: | Cahier de politique économique
No. 23 |
| Soggetti: | |
| Tags: |
Nessun Tag, puoi essere il primo ad aggiungerne!!
|
MARC
| LEADER | 00000nam a2200000 4500 | ||
|---|---|---|---|
| 001 | 0024444 | ||
| 005 | 20221129094257.5 | ||
| 041 | 0 | |a fre | |
| 044 | |a FR | ||
| 245 | 1 | 0 | |a <La> gouvernance d'entreprise dans les pays en développement, en transition et les économies émergentes |c par Charles P. Oman, Steven Fries et Willem Buiter |
| 264 | 1 | |a Paris |b OCDE |c 2003 | |
| 300 | |a 55 s. | ||
| 490 | 1 | |a Cahier de politique économique |v No. 23 | |
| 830 | 0 | |a Cahier de politique économique |v No. 23 | |
| 610 | 2 | 0 | |a správa podniku |
| 610 | 2 | 0 | |a krajiny rozvojové |
| 610 | 2 | 0 | |a krajiny tranzitívne |
| 610 | 2 | 0 | |a investície |
| 610 | 2 | 0 | |a financie |
| 610 | 2 | 0 | |a porovnanie medzinárodné |
| 610 | 2 | 0 | |a OECD |
| 100 | 1 | |a Oman, Charles P. | |
| 700 | 1 | |a Fries, Steven | |
| 700 | 1 | |a Buiter, Willem | |
| 710 | 2 | |a OECD. Development Centre | |